000
00316nam a22001337a 4500
003
SGT
020
_a
981-240-210-1
082
_a
642.4
_b
SHI
100
_a
SHIRING, STEPNEN. B.
245
_a
INTRODUCTION TO CATERING INGREDIENTS FOR SAUCE
260
_a
AUSTRALIA
_b
DELMAV,
_c
2001
300
_a
2001
942
_2
ddc
_c
BK
999
_c
22729
_d
22729